000 00472nam a2200169Ia 4500
999 _c30107
_d30107
003 OSt
005 20201208115409.0
008 190216s9999||||xx |||||||||||||| ||und||
040 _coclc
082 _a894.812
_bKEN/S
100 _aK E N
_97237
245 0 _aSamskarathile Sangharshangal /
_cK E N
260 _bPratheeksha Books,
_c2012.
_aKozhikode:
300 _a232p
650 _aMalayalam
942 _cBK
_2ddc
_h894.812
_iKEN/S
_k894.812
_mKEN/S